1141 1294 1022 1582 1818 1609 1760 1408 1030 1878 1716 1193 1803 1207 1362 1292 1251 1879 1402 1847 1798 1051 1840 1350 1798 1329 1648 1950 1409 1296 1181 1275 1173 1707 1614 1795 1008 1970 1306 1719 1548 1617 1570 1647 1723 1750 1531 1338 1178 1280 1598 1203 1922 1455 1493 1331 1220 1237 1514 1769 1828 1141 1544 1064 1524 1515 1420 1729 1892 1568 1356 1426 1847 1367 1548 1597 1655 1735 1217 1922 1143 1864 1155 1905 1776 1432 1372 1708 1522 1579 1210 1446 1914 1064 1980 1874 1423 1687 1329 BCNSPRNW ULIB Ver.6.0+V

เปลี่ยนเป็นภาษาไทย

Change to English
 แสดงรายละเอียดบรรณานุกรม
  กลับหน้าหลัก

Brief Record : Get Marc (ISO 2709) : E-mail record : QR code < ปิดหน้าต่าง
LEADER : 00000nam 2200000uu 4500
001    13399114896
003     ULIB
008    120619s2551||||th 000 0 tha d
020    ^a9789740621041
050  4 ^aPE1128^bณ111ห 2551
100 0  ^aณวรา อลิน
245 10 ^aหลักภาษาอังกฤษฉบับสมบูรณ์ /^cณวรา อลิน
260    ^aกรุงเทพฯ :^bคลื่นอักษร,^c2551
300    ^a272 หน้า
650  4 ^aภาษาอังกฤษ^xการใช้ภาษา
650  4 ^aภาษาอังกฤษ^xไวยากรณ์
945    ^p195^l0^i15233
995    ^aกัณชพร
999 ^a ใช้งานได้ทุกระบบ
รายการนี้ยังไม่มีแท็ก
คุณยังไม่ได้ล็อกอิน คุณสามารถมีกิจกรรมร่วมกับเว็บไซต์ได้ แต่ต้องล็อกอินก่อน ::
  ล็อกอิน

รายการสื่อสารสนเทศ

ลำดับที่ ประเภท เลขเรียก/บาร์โค้ด สถานที่ สถานะ
- ไม่พบข้อมูล -

รายการใกล้เคียง
    หัวเรื่อง [ภาษาอังกฤษ การใช้ภาษา]

BibComment


ยังไม่เคยถูกคอมเมนท์

คอมเมนท์ทรัพยากรรายการนี้
  คอมเมนท์: หลักภาษาอังกฤษฉบ..


 Copyright 2026. Bcnsprnw @Library